| 000 | 00533nam a2200193Ia 4500 | ||
|---|---|---|---|
| 005 | 20250508161837.0 | ||
| 008 | 008 250505s9999 xx 000 0 eng d | ||
| 037 | _aTextual | ||
| 040 |
_aFEDL _beng _cFEDL |
||
| 041 |
_aeng _2eng |
||
| 084 |
_a510, SOB _qFEDL |
||
| 100 | _aSobel Max A | ||
| 245 | 0 | _aEssentials of mathematics skills and concepts 2 | |
| 300 | _a406p. | ||
| 546 | _aAnnotated edition | ||
| 700 |
_a Maletsky Evan M Hill Thomas J _9771664 |
||
| 942 |
_cTEXL _h510, SOB |
||
| 999 |
_c1372600 _d1372600 |
||